Nintendo ou pas Nintendo ? - Statistiques

Statistiques générales
  • Ce quiz a été pris 769 fois
    250 depuis la dernière actualisation
  • Le résultat moyen est 6 sur 8
Answers on the Grid
Answers color-coded by a green-red scale on the quiz's grid according to % correct below.
NES
Super Famicom
Wii U
Dreamcast
Game Gear
Game & Watch
Neo Geo
Virtual Boy
PSP
MegaDrive
Genesis Nomad
WonderSwan
Wii
GameBoy Advance
Color TV-Game
Xbox
 
Statistiques - réponses
Réponse % Correct
Wii U
96%
NES
90%
Wii
88%
GameBoy Advance
79%
Virtual Boy
61%
Game & Watch
60%
Super Famicom
46%
Color TV-Game
37%
Aucun quiz correspondant
Distribution des résultats
% des personnes avec chaque résultat
Percentile par nombre de réponses
Votre historique - résultats
Vous n’avez pas pris ce quiz depuis la dernière actualisation